000 00864nam a22002657a 4500
003 dpl
005 20180811122159.0
008 180811b xxu||||| |||| 00| 0 eng d
010 _aA-903904
020 _c145.00
_a8185378606
035 _aA-903904, A-903905
037 _bCen Lib/Ret
040 _aDPL
_bEN
_c0
082 _a181.499
_bSAS
100 _aSastri, Jagdeeswara
_936666
245 _aSri ramana sahasranama stuti /
_cby Jagdeeswara Sastri;translated by A.R. Natrajan [and ] Sarda
260 _aBangalore
_bRamana Maharashi Center For Learning
270 _a40/41, 2nd Cross Lower Palace Orchards
_bBangalore
_e560003
300 _axi,299p.
_c21cmpbk)
650 _aHindu Religion
_936667
650 _aSahasranama
_936668
700 _99747
_aNatrajan, A.R.
700 _a Sarda
_936665
942 _2ddc
_cEN
_h181.499
_mSAS
999 _c133055
_d133055